MARC

LEADER 00000nam0a2200000 4500
001 332981
005 20231102004517.0
035 |a (RuTPU)RU\TPU\book\358976 
035 |a RU\TPU\book\334464 
090 |a 332981 
100 |a 20170605d1978 k y0rusy5003 ca 
101 0 |a rus 
102 |a RU 
105 |a a z 001zy 
200 1 |a Научные исследования в области физико-химической очистки промышленных сточных вод  |f Всесоюзный научно-исследовательский институт водоснабжения, канализации, гидротехнических сооружений и инженерной гидрогеологии (НИИ ВОДГЕО, ВНИИводгео) ; отв. ред. П. Ф. Кандзас 
210 |a Москва  |c Изд-во ВНИИ ВОДГЕО  |d 1978 
215 |a 80 с.  |c ил. 
225 1 |a Труды института ВОДГЕО  |v Вып. 71  |x 0135-3217 
320 |a Библиогр. в конце ст. 
606 1 |a Сточные воды промышленные  |x Очистка  |x Физико-химические основы  |x Химический способ  |2 stltpush  |3 (RuTPU)RU\TPU\subj\57177  |9 75041 
610 1 |a стоки 
610 1 |a сорбционное цианирование 
610 1 |a пенополиуретаны 
610 1 |a активный уголь 
610 1 |a массопередача 
610 1 |a намывные адсорберы 
610 1 |a доочистка 
610 1 |a цианиды 
610 1 |a окисление 
610 1 |a растворенный кислород 
610 1 |a биохимически очищенные сточные воды 
610 1 |a обессоливание 
610 1 |a ионообменные технологии 
610 1 |a флокулянты 
610 1 |a нефтесодержащие сточные воды 
610 1 |a флотационная очистка 
675 |a 628.34  |z rus  |v 4 
702 1 |a Кандзас  |b П. Ф.  |4 340 
712 0 2 |a Всесоюзный научно-исследовательский институт водоснабжения, канализации, гидротехнических сооружений и инженерной гидрогеологии (НИИ ВОДГЕО, ВНИИводгео)  |c (Москва)  |2 stltpush  |3 (RuTPU)RU\TPU\col\4603 
801 0 |a RU  |b 63413507  |c 19950704  |g psbo 
801 1 |a RU  |b 63413507  |c 20151110 
801 2 |a RU  |b 63413507  |c 20231010  |g RCR 
942 |c BK